000 00651nam a2200241 a 4500
999 _c855
_d855
001 855
003 BD-JhCC
005 20171010195043.0
008 171010s1990 ii |||| |||| 001 0 eng d
020 _a0706910575
035 _a(BD-JhCC)855
040 _aBD-JhCC
_dBD-JhCC
041 _aeng
082 _a954.9205
_bSIN 1980
100 _aSing, Sukhwant
245 _aThe Liberation of Bangladesh :
_bIndia's wars since independence /
_cMaj Gen Sukhwant Sing
260 _aDhaka :
_bNawroze Kitbistan;
_c1980
300 _a 203 p.;
_c20cm.
505 _aVolume 1
650 _aLiberation History
_zBangladesh
942 _2ddc
_cBK